<?xml version="1.0" encoding="UTF-8"?>
<collection xmlns="http://www.loc.gov/MARC21/slim">
 <record>
  <leader>01539nam a2200277 a 4500</leader>
  <controlfield tag="001">1/55670</controlfield>
  <controlfield tag="008">230214s2020    gr            001 | gre d</controlfield>
  <datafield tag="020" ind1=" " ind2=" ">
   <subfield code="a">9789600235937</subfield>
  </datafield>
  <datafield tag="040" ind1=" " ind2=" ">
   <subfield code="a">GR-PeUP</subfield>
  </datafield>
  <datafield tag="082" ind1="0" ind2="0">
   <subfield code="a">371.9 ΣΤΑ</subfield>
  </datafield>
  <datafield tag="100" ind1="1" ind2=" ">
   <subfield code="a">Στασινός, Δημήτρης Π.</subfield>
  </datafield>
  <datafield tag="245" ind1="1" ind2="2">
   <subfield code="a">Η ειδική συμπεριληπτική εκπαίδευση 2027 :</subfield>
   <subfield code="b">η ελκυστική εκδίπλωσή της στο νέο ψηφιακό σχολείο με ψηφιακούς πρωταθλητές / </subfield>
   <subfield code="c">Δημήτρης Π. Στασινός.</subfield>
  </datafield>
  <datafield tag="250" ind1=" " ind2=" ">
   <subfield code="a">3η ανάθ. έκδ.</subfield>
  </datafield>
  <datafield tag="260" ind1=" " ind2=" ">
   <subfield code="a">Αθήνα : </subfield>
   <subfield code="b">Εκδόσεις Παπαζήση,</subfield>
   <subfield code="c">2020.</subfield>
  </datafield>
  <datafield tag="300" ind1=" " ind2=" ">
   <subfield code="a">588 σ. : </subfield>
   <subfield code="b">εικ. ; </subfield>
   <subfield code="c">24 εκ.</subfield>
  </datafield>
  <datafield tag="504" ind1=" " ind2=" ">
   <subfield code="a">Περιλαμβάνει βιβλιογραφίες και ευρετήριο.</subfield>
  </datafield>
  <datafield tag="650" ind1=" " ind2="0">
   <subfield code="a">Children with special needs</subfield>
   <subfield code="x">Education.</subfield>
  </datafield>
  <datafield tag="650" ind1=" " ind2="0">
   <subfield code="a">Special education</subfield>
   <subfield code="z">Greece</subfield>
   <subfield code="x">Data processing.</subfield>
  </datafield>
  <datafield tag="650" ind1=" " ind2="0">
   <subfield code="a">Computer-assisted learning.</subfield>
  </datafield>
  <datafield tag="650" ind1=" " ind2="0">
   <subfield code="a">Computers and people with visual disabilities.</subfield>
  </datafield>
  <datafield tag="650" ind1=" " ind2="4">
   <subfield code="a">Παιδιά με ειδικές ανάγκες</subfield>
   <subfield code="x">Εκπαίδευση</subfield>
   <subfield code="z">Ελλάδα.</subfield>
  </datafield>
  <datafield tag="650" ind1=" " ind2="4">
   <subfield code="a">Ειδική εκπαίδευση</subfield>
   <subfield code="z">Ελλάδα</subfield>
   <subfield code="x">Ψηφιακή επεξεργασία.</subfield>
  </datafield>
  <datafield tag="650" ind1=" " ind2="4">
   <subfield code="a">Εκπαίδευση υποστηριζόμενη με υπολογιστή.</subfield>
  </datafield>
  <datafield tag="852" ind1=" " ind2=" ">
   <subfield code="a">INST</subfield>
   <subfield code="b">UNIPILB</subfield>
   <subfield code="c">MAIN</subfield>
   <subfield code="e">20230214</subfield>
   <subfield code="h">371.9 ΣΤΑ</subfield>
   <subfield code="p">00188375</subfield>
   <subfield code="q">00188375</subfield>
   <subfield code="t">MAIN</subfield>
   <subfield code="y">0</subfield>
   <subfield code="4">2</subfield>
  </datafield>
  <datafield tag="852" ind1=" " ind2=" ">
   <subfield code="a">INST</subfield>
   <subfield code="b">UNIPILB</subfield>
   <subfield code="c">MAIN</subfield>
   <subfield code="e">20230214</subfield>
   <subfield code="h">371.9 ΣΤΑ</subfield>
   <subfield code="p">00188376</subfield>
   <subfield code="q">00188376</subfield>
   <subfield code="t">MAIN</subfield>
   <subfield code="y">0</subfield>
   <subfield code="4">1</subfield>
  </datafield>
  <datafield tag="960" ind1=" " ind2=" ">
   <subfield code="a">ΑΛΜΠΑΝΗ ΤΑΝΙΑ</subfield>
  </datafield>
 </record>
</collection>
